[Event "Titled Tue 3rd Jun Early"]
[Site "chess.com INT"]
[Date "2025.06.03"]
[Round "1"]
[White "Matskevich, Varvara"]
[Black "Triapishko, Alexandr"]
[Result "0-1"]
[WhiteTitle "WFM"]
[BlackTitle "IM"]
[WhiteElo "1988"]
[BlackElo "2459"]
[WhiteFideId "13523465"]
[BlackFideId "14122286"]
[EventDate "2025.06.03"]

1. e4 e6 2. d4 d5 3. e5 c5 4. c3 Qb6 5. Nf3 Bd7 6. a3 Bb5 7. Bd3 Bxd3 8. Qxd3
Nc6 9. O-O Rc8 10. b4 cxd4 11. cxd4 Nge7 12. Nbd2 Nf5 13. Nb3 Be7 14. Nc5 a5 15.
Na4 Qa7 16. Bb2 O-O 17. b5 Nb8 18. Nc3 g6 19. a4 Nd7 20. Nb1 Nb6 21. Na3 Nc4 22.
Nxc4 Rxc4 23. g4 Nh4 24. Nd2 Rc7 25. f4 Rfc8 26. Rac1 h5 27. h3 Bb4 28. Rxc7
Rxc7 29. Rc1 Rxc1+ 30. Bxc1 hxg4 31. hxg4 g5 32. f5 b6 33. Nf1 Qe7 34. f6 Qc7
35. Bxg5 Ng6 36. Bd2 Bxd2 37. Nxd2 Qc1+ 38. Nf1 Qf4 39. Ne3 Qg3+ 40. Kf1 Nf4 41.
Qd2 Qh3+ 42. Ke1 Qh1+ 43. Kf2 Qh2+ 44. Ke1 Qg1+ 45. Nf1 Qxg4 46. Ne3 Qf3 47. Nf1
Ng2+ 48. Qxg2+ Qxg2 49. Ne3 Qa2 50. Kf1 Qxa4 51. Ng4 Qxd4 52. Nh6+ Kf8 53. Nxf7
Kxf7 54. Kg2 a4 55. Kh3 a3 56. Kh2 a2 57. Kh3 Qxe5 58. Kh4 a1=Q 59. Kh3 Qh1+ 60.
Kg4 Qhh5# 0-1

[Event "Titled Tue 3rd Jun Early"]
[Site "chess.com INT"]
[Date "2025.06.03"]
[Round "1"]
[White "Jain, Kashish Manoj"]
[Black "Vyom Malhotra"]
[Result "1-0"]
[WhiteTitle "IM"]
[BlackTitle "CM"]
[WhiteElo "2429"]
[BlackElo "1975"]
[WhiteFideId "35081098"]
[BlackFideId "33383561"]
[EventDate "2025.06.03"]

1. e4 e5 2. Nf3 Nc6 3. Bb5 a6 4. Bxc6 dxc6 5. O-O Bg4 6. h3 h5 7. d3 Qf6 8. Nbd2
g5 9. Re1 Bxf3 10. Qxf3 Bd6 11. Qxf6 Nxf6 12. Nf3 g4 13. Nh4 O-O-O 14. Bg5 Nd7
15. Bxd8 Kxd8 16. Nf5 Bc5 17. hxg4 hxg4 18. g3 Nf6 19. Kg2 Rg8 20. c3 Bd6 21. d4
Ke8 22. Re2 Nh7 23. Rh1 Ng5 24. Rh6 Kd7 25. Rd2 Nxe4 26. Rd1 Rg5 27. Ne3 exd4
28. Rxd4 Nc5 29. Rxg4 Re5 30. Rd4 Ne6 31. Rd1 Ke7 32. Rdh1 Bc5 33. R6h5 Re4 34.
R1h4 Rxh4 35. Nf5+ Kf6 36. Nxh4 Bd6 37. Rf5+ Ke7 38. f4 Nc5 39. Rh5 Ke6 40. b3
Ne4 41. c4 Nc3 42. a4 Ne2 43. Nf5 Bxf4 44. Kf3 Nxg3 45. Nxg3 Bxg3 46. Kxg3 Kd6
47. Kf4 c5 48. Rh6+ Kd7 49. Ke5 b6 50. a5 f5 51. axb6 cxb6 52. Rxb6 f4 53. Kxf4
a5 54. Ra6 a4 55. Rxa4 Kc6 56. Ke5 Kb6 57. Kd6 Kb7 58. Ra5 Kb6 59. Rb5+ Ka7 60.
Kc7 Ka6 61. Rxc5 Ka7 62. Ra5# 1-0

[Event "Titled Tue 3rd Jun Early"]
[Site "chess.com INT"]
[Date "2025.06.03"]
[Round "1"]
[White "Lopez Abreu, Michel Samuel"]
[Black "Smirnov, Mark"]
[Result "0-1"]
[WhiteTitle "FM"]
[BlackTitle "FM"]
[WhiteElo "2038"]
[BlackElo "2348"]
[WhiteFideId "3927903"]
[BlackFideId "13764594"]
[EventDate "2025.06.03"]

1. e4 e6 2. Nc3 d5 3. d4 dxe4 4. Nxe4 Bd7 5. Nf3 Bc6 6. Ng3 Nf6 7. c3 Nbd7 8.
Bd3 Bd6 9. O-O O-O 10. Re1 Bxf3 11. Qxf3 c6 12. Ne4 Nxe4 13. Qxe4 Nf6 14. Qh4
Be7 15. Bg5 g6 16. Re3 Re8 17. Rf3 Nh5 18. Bxe7 Qxe7 19. Qxe7 Rxe7 20. Re1 Kg7
21. Bc2 Rd8 22. Rfe3 Nf4 23. Bb3 a5 24. g3 Nh5 25. Bd1 Nf6 26. Bf3 Ra8 27. a3 a4
28. Re5 Rd7 29. Rc5 Ra6 30. Be2 Rb6 31. Rc4 Rxb2 32. Rxa4 Ne4 33. Rc4 Nd2 34.
Rb4 Rxb4 35. axb4 Ne4 36. Rc1 Nf6 37. Bf1 b5 38. Bg2 Rc7 39. Bf1 Nd5 40. c4 Nxb4
41. cxb5 Kf8 42. bxc6 Rxc6 43. Rxc6 Nxc6 44. Bg2 Nxd4 45. Kf1 h5 46. f4 Ke7 47.
Be4 Kd6 48. Bb1 Kd5 49. Ke1 Nf3+ 50. Kf2 Nxh2 51. Bd3 Ng4+ 52. Kf3 e5 53. Be4+
Kd4 54. f5 g5 55. Bb7 Nf6 56. Bc8 e4+ 57. Ke2 Nd5 58. Bd7 Nc3+ 59. Ke1 f6 60.
Be8 h4 61. gxh4 gxh4 62. Bc6 e3 63. Bh1 Ke5 64. Kf1 Kxf5 65. Kg2 Kg4 0-1

[Event "Titled Tue 3rd Jun Early"]
[Site "chess.com INT"]
[Date "2025.06.03"]
[Round "1"]
[White "Malamud, Lautaro"]
[Black "Danzer, George"]
[Result "0-1"]
[BlackTitle "CM"]
[WhiteElo "1976"]
[BlackElo "2172"]
[WhiteFideId "128643"]
[BlackFideId "4659465"]
[EventDate "2025.06.03"]

1. e4 c5 2. Nf3 d6 3. d4 cxd4 4. Nxd4 Nf6 5. Nc3 a6 6. Be3 e5 7. Nf3 h6 8. Bc4
Be7 9. O-O O-O 10. Nh4 Kh7 11. Qf3 b5 12. Bb3 Bg4 13. Qg3 Nbd7 14. h3 Bh5 15.
Nf5 Bg6 16. Rad1 Bxf5 17. exf5 Rc8 18. Qf3 Qc7 19. g4 Qc6 20. Nd5 Bd8 21. Rd2
Nc5 22. Bxc5 dxc5 23. Nxf6+ Qxf6 24. Bd5 e4 25. Bxe4 Bc7 26. Rfd1 Qe5 27. f6+ g6
28. Rd5 Qh2+ 29. Kf1 Rce8 30. Rd7 Be5 31. Bxg6+ Kg8 32. Be4 Bd4 33. R7xd4 cxd4
34. Rxd4 Re5 35. Qg2 Qxg2+ 36. Kxg2 Rfe8 37. f3 Rc5 38. c3 Rcc8 39. Rd6 Re6 40.
Rxe6 fxe6 41. h4 Kf7 42. g5 Rg8 43. f4 e5 44. g6+ Kxf6 45. f5 Rg7 46. Kf3 Rd7
47. Ke3 Rd1 48. Bb7 Rf1 49. Bc8 a5 50. h5 Rh1 51. Bd7 b4 52. cxb4 axb4 53. a4
Rxh5 54. a5 Rh1 55. b3 Ra1 56. Ba4 Rc1 57. a6 Rc7 0-1

[Event "Titled Tue 3rd Jun Early"]
[Site "chess.com INT"]
[Date "2025.06.03"]
[Round "1"]
[White "Adewumi, Tanitoluwa"]
[Black "Bahmani, Koorosh"]
[Result "1-0"]
[WhiteTitle "FM"]
[BlackTitle "CM"]
[WhiteElo "2376"]
[BlackElo "2208"]
[WhiteFideId "30966396"]
[BlackFideId "42576750"]
[EventDate "2025.06.03"]

1. Nf3 d5 2. b3 Nf6 3. Bb2 e6 4. g3 Nbd7 5. Bg2 Bd6 6. O-O O-O 7. c4 c6 8. d4
Qe7 9. a3 e5 10. dxe5 Nxe5 11. cxd5 Nxd5 12. Nbd2 Rd8 13. Nxe5 Bxe5 14. Bxe5
Qxe5 15. Nc4 Qe7 16. Qc2 Bg4 17. Rfe1 Nb6 18. Na5 Rd7 19. h3 Be6 20. b4 Rad8 21.
Rad1 g6 22. Kh2 Kg7 23. Rxd7 Rxd7 24. Rd1 Rxd1 25. Qxd1 Qf6 26. f4 Bc8 27. Qd2
h5 28. e4 h4 29. g4 Qa1 30. Qe3 Qb2 31. g5 Kh7 32. Kg1 Qa1+ 33. Kf2 Qb2+ 34. Kf3
Kg8 35. Bf1 Qh2 36. Qf2 Qh1+ 37. Ke3 Bxh3 38. Be2 Qc1+ 39. Kd3 Be6 40. f5 Ba2
41. fxg6 Bb1+ 42. Kd4 Qd2+ 43. Ke5 Nd7+ 44. Kf5 fxg6+ 45. Kxg6 Bxe4+ 46. Kh6
Qd6+ 47. Kh5 Qg6+ 48. Kxh4 Ne5 49. Bc4+ Nxc4 50. Nxc4 Qh7+ 51. Kg3 Bd5 52. Ne5
Qe4 53. Qf4 Qe1+ 54. Kg4 Qg1+ 55. Kf5 Qb1+ 56. Kf6 Qh7 57. g6 Qg7+ 58. Kg5 Qe7+
59. Qf6 Qxf6+ 60. Kxf6 b6 61. Ng4 c5 62. bxc5 bxc5 63. Nh6+ Kf8 64. g7+ Ke8 65.
Ke5 Ba2 66. Kd6 1-0

[Event "Titled Tue 3rd Jun Early"]
[Site "chess.com INT"]
[Date "2025.06.03"]
[Round "1"]
[White "Unver, Cumayi"]
[Black "Aalto, Patrik"]
[Result "1/2-1/2"]
[BlackTitle "FM"]
[WhiteElo "2012"]
[BlackElo "2313"]
[WhiteFideId "6304940"]
[BlackFideId "510726"]
[EventDate "2025.06.03"]

1. d4 Nf6 2. Nc3 d5 3. Bf4 c5 4. e3 cxd4 5. exd4 a6 6. a3 Nc6 7. Be2 e6 8. Nf3
Bd6 9. Bxd6 Qxd6 10. O-O O-O 11. Bd3 h6 12. Re1 Bd7 13. Qd2 Rac8 14. Ne2 Ne4 15.
Qe3 f5 16. Qf4 Qe7 17. c3 g5 18. Qc1 Qf6 19. Nd2 Kg7 20. f3 Nd6 21. Nf1 e5 22.
dxe5 Nxe5 23. Qd2 Nxd3 24. Qxd3 Rfe8 25. Nd4 Nc4 26. Ng3 Kg6 27. b3 Ne5 28. Qd2
Kh7 29. Re2 Ng6 30. Rae1 Rxe2 31. Rxe2 Nf4 32. Re1 Rd8 33. Nge2 Ng6 34. Ng3 Rf8
35. a4 f4 36. Nh1 Qf7 37. Nf2 Re8 38. Nd3 Rxe1+ 39. Qxe1 Kg7 40. Kf2 Kh7 41. Ne5
Qe7 42. Nxg6 Qxe1+ 43. Kxe1 Kxg6 44. a5 Kf6 45. Kd2 Ke5 46. Kd3 h5 47. b4 g4 48.
Ke2 Ba4 49. Kf2 Bd7 50. g3 fxg3+ 51. Kxg3 gxf3 52. Kxf3 Bg4+ 53. Ke3 Bd7 54. h4
Bg4 55. b5 axb5 56. Nxb5 Bd7 57. Nd4 Be8 58. Nf3+ Kf5 59. Kd4 Kg4 60. Ng5 Kxh4
61. Ne6 Kg3 62. Ng7 Bg6 63. Nxh5+ Bxh5 64. Kxd5 Bf3+ 65. Kc5 Kf4 66. Kb6 Ke5 67.
a6 bxa6 68. Kxa6 Kd6 69. Ka7 Kc5 70. c4 Kxc4 1/2-1/2

[Event "Titled Tue 3rd Jun Early"]
[Site "chess.com INT"]
[Date "2025.06.03"]
[Round "1"]
[White "Klymchuk, Andriy"]
[Black "Kawka, Milena"]
[Result "1/2-1/2"]
[WhiteTitle "FM"]
[BlackTitle "WCM"]
[WhiteElo "2405"]
[BlackElo "2004"]
[WhiteFideId "14140063"]
[BlackFideId "21095167"]
[EventDate "2025.06.03"]

1. e4 c5 2. d4 cxd4 3. Qxd4 Nc6 4. Qd3 Nf6 5. Nc3 d6 6. Nf3 g6 7. Be2 Bg7 8. O-O
O-O 9. Nd5 Be6 10. c3 Rc8 11. Bg5 Nd7 12. h3 h6 13. Be3 Nde5 14. Nxe5 Nxe5 15.
Qd2 Nc4 16. Bxc4 Rxc4 17. Bxh6 Rxe4 18. Bxg7 Kxg7 19. Ne3 Qb6 20. Rfe1 Rh8 21.
b3 Reh4 22. c4 Qd4 23. Rad1 Qxd2 24. Rxd2 Rc8 25. f3 a6 26. Nd5 Bxd5 27. Rxd5
Rc7 28. a4 Kf6 29. Kf2 Rh8 30. f4 Rb8 31. g4 Rd7 32. Red1 Rbd8 33. c5 Ke6 34.
cxd6 exd6 35. h4 Ke7 36. Kg3 Rc8 37. R1d3 Rc6 38. f5 gxf5 39. Rxf5 Rd8 40. h5
Kf8 41. Rdf3 Rd7 42. g5 Kg7 43. h6+ Kg8 44. Rf6 Rc1 45. Rd3 Rg1+ 46. Kh4 Rh1+
47. Kg4 Rg1+ 48. Kf4 Re1 49. Rfxd6 Rf1+ 50. Ke3 Re7+ 51. Kd2 Rf2+ 52. Kc3 Rc7+
53. Kb4 Rf4+ 54. R3d4 Rf5 55. R6d5 Rxd5 56. Rxd5 Re7 57. Ka5 Rc7 58. Kb6 Rc3 59.
b4 Rc4 60. b5 Rxa4 61. Rd8+ Kh7 62. Rf8 Kg6 63. Rg8+ Kh7 64. Rg7+ Kh8 65. Rxf7
Rb4 66. Kxb7 Rxb5+ 67. Kxa6 Rxg5 68. Kb6 Rg6+ 69. Kc5 Rxh6 70. Rc7 Rh7 71. Rxh7+
Kxh7 1/2-1/2

[Event "Titled Tue 3rd Jun Early"]
[Site "chess.com INT"]
[Date "2025.06.03"]
[Round "1"]
[White "Salonen, Aku"]
[Black "Emujin Enkh-Amgalan"]
[Result "1-0"]
[WhiteTitle "FM"]
[BlackTitle "WCM"]
[WhiteElo "2314"]
[BlackElo "1917"]
[WhiteFideId "517577"]
[BlackFideId "4908023"]
[EventDate "2025.06.03"]

1. e4 e5 2. Nf3 Nc6 3. Bb5 a6 4. Ba4 Nf6 5. d3 b5 6. Bb3 Bc5 7. Nc3 O-O 8. O-O
h6 9. Nd5 d6 10. a4 Rb8 11. axb5 axb5 12. Be3 Bg4 13. c3 Bxe3 14. fxe3 Nxd5 15.
Bxd5 Ne7 16. Bb3 Kh8 17. h3 Bh5 18. g4 Bg6 19. Nh4 c5 20. Nf5 Nc6 21. Bd5 Ne7
22. Nxe7 Qxe7 23. b4 Qh4 24. Qf3 h5 25. Kg2 cxb4 26. cxb4 Rbc8 27. Rfc1 Kh7 28.
Bc6 Rb8 29. Bd5 f6 30. Rc7 Rbc8 31. Raa7 Rxc7 32. Rxc7 Qe1 33. gxh5 Qd2+ 34. Kg3
Qe1+ 35. Qf2 Qxf2+ 36. Kxf2 Bxh5 37. Rb7 Rc8 38. Rxb5 Rc2+ 39. Kg3 Re2 40. Rb8
Rxe3+ 41. Kf2 Rxd3 42. b5 Rxh3 43. b6 Rh2+ 44. Kg3 Rb2 45. b7 Bg6 46. Rd8 f5 47.
exf5 Bxf5 48. b8=Q Rxb8 49. Rxb8 Kg6 50. Rb6 Kg5 51. Rxd6 g6 52. Rd8 Kf6 53. Ra8
g5 54. Ra4 Kg7 55. Be4 Be6 56. Ra7+ Bf7 57. Ra6 1-0

[Event "Titled Tue 3rd Jun Early"]
[Site "chess.com INT"]
[Date "2025.06.03"]
[Round "1"]
[White "Fiskaaen, Martin Holten"]
[Black "Lortkipanidze, Nodar"]
[Result "0-1"]
[WhiteTitle "FM"]
[BlackTitle "IM"]
[WhiteElo "2292"]
[BlackElo "2359"]
[WhiteFideId "1550233"]
[BlackFideId "13604058"]
[EventDate "2025.06.03"]

1. Nf3 e6 2. d4 f5 3. c4 b6 4. g3 Bb7 5. Bg2 Nf6 6. O-O a5 7. Nc3 Bb4 8. Qc2 O-O
9. Rd1 Na6 10. d5 Bxc3 11. Qxc3 Nc5 12. Nd4 Nfe4 13. Qc2 exd5 14. cxd5 Bxd5 15.
Bf4 c6 16. Nb5 Ne6 17. Bd6 Re8 18. f3 Nf6 19. e4 fxe4 20. fxe4 Nxe4 21. Bxe4
Bxe4 22. Qxe4 cxb5 23. Qd5 Qg5 24. Qxg5 Nxg5 25. Bf4 Nh3+ 26. Kg2 Nxf4+ 27. gxf4
Re2+ 28. Kf3 Rxb2 29. Rxd7 b4 30. Re1 Kh8 31. Ree7 Rg8 32. f5 Rxh2 33. Kg3 Rh6
34. Rb7 Rf6 35. Kg4 a4 36. Ra7 b3 37. axb3 axb3 38. Ra3 Rgf8 39. Rxb3 Rxf5 40.
Rxb6 Rf1 41. Rbb7 Rg1+ 42. Kh3 h6 43. Kh2 Rg5 44. Kh3 Kh7 45. Rec7 Rf3+ 46. Kh2
Rf2+ 47. Kh3 Rf1 48. Kh2 Rfg1 49. Rd7 Rg6 50. Rdc7 R1g5 51. Rc3 Rh5+ 52. Rh3
Rxh3+ 53. Kxh3 Rd6 54. Re7 h5 55. Ra7 Kh6 56. Ra5 Rd3+ 57. Kg2 h4 58. Kh2 g5 59.
Rc5 Kh5 60. Rc4 Rf3 61. Ra4 Rf4 62. Ra1 Rc4 63. Kh3 Rc3+ 64. Kh2 h3 65. Ra4 g4
66. Ra8 Rc2+ 67. Kg3 Rg2+ 68. Kf4 h2 69. Rh8+ Kg6 70. Rh4 g3 71. Rg4+ Kf6 72.
Rh4 Rg1 73. Rh7 h1=Q 74. Rf7+ Kxf7 75. Kg5 g2 76. Kg4 Rf1 77. Kg5 g1=R# 0-1

[Event "Titled Tue 3rd Jun Early"]
[Site "chess.com INT"]
[Date "2025.06.03"]
[Round "1"]
[White "Laddha, Yash Jayesh"]
[Black "Herrera Ortiz, Miguel"]
[Result "0-1"]
[WhiteTitle "CM"]
[BlackTitle "IM"]
[WhiteElo "2053"]
[BlackElo "2174"]
[WhiteFideId "30942780"]
[BlackFideId "5100550"]
[EventDate "2025.06.03"]

1. e4 e5 2. Nf3 Nc6 3. Bc4 Bc5 4. c3 Nf6 5. d3 d6 6. O-O O-O 7. Nbd2 h6 8. a4 a6
9. h3 Ne7 10. Re1 Ng6 11. Nf1 c6 12. Ng3 Ba7 13. Ba2 Re8 14. d4 Qc7 15. Qc2 Be6
16. Bxe6 Rxe6 17. dxe5 dxe5 18. Be3 Bxe3 19. Rxe3 Ree8 20. Rd1 Nf4 21. Nf5 Red8
22. Ree1 Kh7 23. Kh2 g6 24. Ne3 Kg7 25. g3 Ne6 26. Nc4 Rxd1 27. Qxd1 Nc5 28.
Ncxe5 Ncxe4 29. Qc2 Nc5 30. b4 Ncd7 31. Kg2 Nb6 32. c4 Re8 33. a5 Nbd7 34. Nxd7
Qxd7 35. Rxe8 Qxe8 36. Qd3 Qe7 37. Qd2 Ne4 38. Qb2+ f6 39. Qd4 Nd6 40. Nd2 Nf5
41. Qd3 Kf7 42. c5 Qe6 43. Ne4 Qd5 44. Qxd5+ cxd5 45. Nd2 Ke6 46. Kf3 Nd4+ 47.
Kf4 Nc2 48. Nb3 Nxb4 49. Nd4+ Kd7 50. g4 Nc6 51. Nb3 Ke6 52. h4 g5+ 53. Ke3 gxh4
54. f4 d4+ 55. Ke4 h3 56. Kf3 Kd5 57. Kg3 Kc4 58. Nd2+ Kxc5 59. Ne4+ Kc4 60.
Nxf6 d3 61. Ne4 Kd4 62. Nf2 Nxa5 63. g5 hxg5 64. fxg5 Nc6 65. Kxh3 Ne7 66. Kh4
a5 67. g6 Nxg6+ 0-1

[Event "Titled Tue 3rd Jun Early"]
[Site "chess.com INT"]
[Date "2025.06.03"]
[Round "1"]
[White "Ersoz, Teoman Guney"]
[Black "Karenza, Dita"]
[Result "1-0"]
[WhiteTitle "CM"]
[BlackTitle "WIM"]
[WhiteElo "2090"]
[BlackElo "2066"]
[WhiteFideId "44537050"]
[BlackFideId "7101473"]
[EventDate "2025.06.03"]

1. e4 c5 2. Nf3 Nc6 3. d4 cxd4 4. Nxd4 g6 5. c4 Nf6 6. Nc3 d6 7. Be2 Nxd4 8.
Qxd4 Bg7 9. Be3 O-O 10. Qd2 a5 11. O-O a4 12. Rfd1 Qa5 13. Bd4 Be6 14. f4 Rfc8
15. e5 dxe5 16. fxe5 Nd7 17. Nd5 Bxd5 18. cxd5 Qxd2 19. Rxd2 Bxe5 20. Re1 Bxd4+
21. Rxd4 Nf6 22. Bb5 Kf8 23. d6 exd6 24. Rxd6 Kg7 25. Rf1 Ng8 26. Rd7 Nh6 27.
Rxb7 Rcb8 28. Rxb8 Rxb8 29. Bxa4 Rxb2 30. Bb3 Nf5 31. g4 Ne3 32. Rxf7+ Kh6 33.
h3 Rg2+ 34. Kh1 Rg3 35. Kh2 Rg2+ 36. Kh1 Rg3 37. Re7 Rxh3+ 38. Kg1 Kg5 39. a4
Kf4 40. Rf7+ Kxg4 41. Be6+ Nf5 42. a5 Ra3 43. Ra7 Kg3 44. Kf1 Ne3+ 45. Ke2 h5
46. a6 h4 47. Bc8 h3 48. Rh7 h2 49. Bb7 Ra2+ 50. Kxe3 Ra3+ 51. Kd2 g5 52. Kc2 g4
53. Kb2 Ra5 54. Bc8 Rb5+ 55. Kc3 Ra5 56. Bb7 Rb5 57. Kc4 Ra5 58. Kb4 Ra1 59. Kb5
Rb1+ 60. Kc6 Ra1 61. Kc7 Kf2 62. Kb8 g3 63. a7 g2 64. Rxh2 1-0

[Event "Titled Tue 3rd Jun Early"]
[Site "chess.com INT"]
[Date "2025.06.03"]
[Round "1"]
[White "Fieberg, Samuel"]
[Black "Barwinska, Ewa"]
[Result "0-1"]
[WhiteTitle "FM"]
[BlackTitle "WFM"]
[WhiteElo "2157"]
[BlackElo "2014"]
[WhiteFideId "12901717"]
[BlackFideId "21833761"]
[EventDate "2025.06.03"]

1. e4 c5 2. Nf3 Nc6 3. b3 e5 4. Bb2 d6 5. h3 Nf6 6. Nc3 Be7 7. d3 a6 8. a4 Nd4
9. Nxd4 exd4 10. Ne2 Bd7 11. g3 b5 12. axb5 axb5 13. Bg2 O-O 14. O-O Bc6 15. e5
Nd5 16. exd6 Qxd6 17. Qd2 h6 18. Rfe1 Bg5 19. Qd1 Rxa1 20. Bxa1 Ra8 21. h4 Bf6
22. Qc1 Nb4 23. Nf4 Bxg2 24. Nxg2 Ra2 25. Bb2 Kh7 26. Qb1 Qa6 27. c3 dxc3 28.
d4+ c2 29. Qc1 cxd4 30. Nf4 Qc6 31. Ba3 Nd5 32. Nd3 Qa6 33. Bb2 b4 34. Qxc2 g6
35. h5 Qb7 36. hxg6+ fxg6 37. Nc5 Qc6 38. Rc1 Nc3 39. Na4 Qb5 40. Qd2 Bg5 41. f4
Bf6 42. Qe1 Ne2+ 43. Kh2 Nxc1 44. Qxc1 Qd3 45. Qe1 Bg7 46. Qe7 Qxb3 47. f5 Rxb2+
48. Nxb2 Qxb2+ 49. Kh3 d3 50. fxg6+ Kxg6 51. Qe4+ Kf7 52. Qf5+ Qf6 53. Qd7+ Qe7
54. Qxd3 Qe6+ 55. g4 b3 56. Qf3+ Bf6 57. Qb7+ Kg6 58. Qb5 Qe3+ 59. Kg2 Qd2+ 60.
Kh3 Qc3+ 61. Kg2 Qc2+ 62. Kh3 b2 63. Qh5+ Kg7 64. Qe8 Qc3+ 65. Kg2 b1=Q 66. Qd7+
Kg6 67. Qe8+ Kg7 68. Qd7+ Kf8 69. Qd6+ Be7 70. Qxh6+ Ke8 71. Qg6+ Qxg6 0-1

[Event "Titled Tue 3rd Jun Early"]
[Site "chess.com INT"]
[Date "2025.06.03"]
[Round "1"]
[White "Kazakov, Mikhail"]
[Black "Wagner, Dennis"]
[Result "1/2-1/2"]
[WhiteTitle "GM"]
[BlackTitle "GM"]
[WhiteElo "2513"]
[BlackElo "2616"]
[WhiteFideId "14102749"]
[BlackFideId "24650684"]
[EventDate "2025.06.03"]

1. e4 e6 2. d4 d5 3. exd5 exd5 4. Bd3 Nc6 5. c3 Bd6 6. Qf3 h6 7. Bf4 Nf6 8. h3
Be6 9. Ne2 Qd7 10. Nd2 O-O-O 11. O-O-O Bf5 12. Bxf5 Qxf5 13. Bxd6 Qxf3 14. Nxf3
Rxd6 15. Ng3 Re6 16. Rhe1 Ne4 17. Nxe4 Rxe4 18. Nd2 Rxe1 19. Rxe1 Kd7 20. Nf3 f6
21. Nh4 h5 22. Kd2 Rh7 23. Ng6 Kd8 24. Nf8 Rh8 25. Ne6+ Kd7 26. Nc5+ Kc8 27. Ne6
g5 28. g3 b6 29. Ng7 Kd7 30. Nf5 a5 31. a4 Rb8 32. h4 Rf8 33. Rh1 g4 34. Re1 Rf7
35. Ne3 Ne7 36. Ng2 Ng6 37. Ne3 Ne7 38. Ng2 Ng6 39. b3 f5 40. Ne3 c6 41. Ng2 f4
42. gxf4 Nxf4 43. Nxf4 Rxf4 44. Re5 Rxf2+ 45. Ke3 Rf3+ 46. Kd2 g3 47. Rxh5 Ke6
48. Rg5 Kf6 49. Rg8 Kf5 50. h5 Rf2+ 51. Ke3 Rh2 52. Rxg3 Rxh5 53. Rf3+ Ke6 54.
Kd3 Rh4 55. Re3+ Kd6 56. Rg3 Rh6 57. c4 c5 58. dxc5+ Kxc5 59. cxd5 Rd6 60. Kc3
Rxd5 61. Kb2 Kc6 62. Rc3+ Kb7 63. Ka3 Rd2 64. Rc4 Rg2 65. Rc3 Rg4 66. Rc2 Rg5
67. Rc3 b5 68. axb5 Kb6 69. Rc4 Rxb5 70. Rc8 Rc5 71. Rxc5 Kxc5 72. Ka4 Kb6 73.
b4 axb4 74. Kxb4 1/2-1/2

[Event "Titled Tue 3rd Jun Early"]
[Site "chess.com INT"]
[Date "2025.06.03"]
[Round "1"]
[White "Ismagilov, Damir"]
[Black "Can, Melih Kaan"]
[Result "1-0"]
[WhiteTitle "CM"]
[BlackTitle "CM"]
[WhiteElo "2173"]
[BlackElo "2171"]
[WhiteFideId "34199982"]
[BlackFideId "6317383"]
[EventDate "2025.06.03"]

1. d4 Nf6 2. c4 e6 3. Nc3 Bb4 4. e3 d5 5. a3 Bxc3+ 6. bxc3 O-O 7. cxd5 exd5 8.
Bd3 c5 9. Ne2 Nc6 10. O-O Bg4 11. f3 Bh5 12. Nf4 Bg6 13. Nxg6 hxg6 14. Bb2 c4
15. Bc2 Qb6 16. Qc1 Rfe8 17. a4 a5 18. Ba3 Qc7 19. Qd2 Re6 20. Rae1 Rae8 21. Qf2
Qd7 22. Re2 Ne7 23. Rfe1 Nc6 24. e4 dxe4 25. fxe4 Ng4 26. Qg3 Nh6 27. d5 Re5 28.
dxc6 Qxc6 29. h3 f5 30. Qf3 fxe4 31. Rxe4 Qb6+ 32. Qf2 Qc7 33. Rxe5 Rxe5 34.
Bxg6 Rxe1+ 35. Qxe1 Qb6+ 36. Kh2 Qxg6 37. Qe5 Nf5 38. g4 Nh6 39. Qd5+ Qf7 40.
Qxf7+ Kxf7 41. Bc5 Ke6 42. Bb6 Kd5 43. Bxa5 Nf7 44. Bb4 Ne5 45. Kg3 Nd3 46. Bf8
g6 47. h4 Ne5 48. h5 gxh5 49. gxh5 Ke6 50. Kf4 Nd7 51. Bg7 Kf7 52. Bd4 Kg8 53.
Kf5 Kf7 54. h6 Nf8 55. Ke5 Kg6 56. Be3 Nh7 57. Kd5 Nf6+ 58. Kxc4 Ng4 59. Bc1
Ne5+ 60. Kd5 Nc6 61. c4 Nb4+ 62. Kd6 Nd3 63. Be3 Nb2 64. c5 Nxa4 65. Kc7 b6 66.
c6 b5 67. Kb8 b4 68. c7 b3 69. c8=Q b2 70. Qe6+ Kh7 71. Qf7+ Kh8 72. Qg7# 1-0

[Event "Titled Tue 3rd Jun Early"]
[Site "chess.com INT"]
[Date "2025.06.03"]
[Round "1"]
[White "Lymar, Vladislav"]
[Black "Hindermann, Felix"]
[Result "1-0"]
[WhiteTitle "CM"]
[BlackTitle "FM"]
[WhiteElo "2216"]
[BlackElo "2289"]
[WhiteFideId "14162180"]
[BlackFideId "1305212"]
[EventDate "2025.06.03"]

1. e4 e6 2. b3 d5 3. Bb2 Nf6 4. e5 Nfd7 5. f4 c5 6. Qg4 h5 7. Qh3 g6 8. Nf3 Bh6
9. g3 b6 10. Nc3 a6 11. Bd3 Bb7 12. Bxg6 fxg6 13. Qxe6+ Qe7 14. Qxg6+ Qf7 15.
Qxf7+ Kxf7 16. O-O d4 17. Ne2 Nc6 18. c3 d3 19. Nc1 c4 20. bxc4 Nc5 21. Ba3 Rad8
22. Bxc5 bxc5 23. Ne1 Na5 24. Ncxd3 Nxc4 25. Nxc5 Bc6 26. d4 h4 27. Kf2 hxg3+
28. hxg3 Bf8 29. Nf3 Bxc5 30. dxc5 Nd2 31. Nxd2 Rxd2+ 32. Ke3 Rhh2 33. f5 Rhe2+
34. Kf4 Re4+ 35. Kg5 Rxe5 36. Rad1 Rxa2 37. Rd6 Rxc5 38. Re1 Rxc3 39. g4 Rh2 40.
Rf6+ Kg8 41. Re7 Rh7 42. Rf8+ Kxf8 43. Rxh7 a5 44. Kf6 Ke8 45. Rh8+ Kd7 46. g5
a4 47. g6 Bd5 48. g7 a3 49. Ra8 a2 50. Ra5 Bb3 51. Kg6 Rc6+ 52. f6 Bc2+ 53. Kh6
Rxf6+ 54. Kh5 Rg6 55. Rxa2 Rxg7 56. Ra7+ Ke6 57. Rxg7 Be4 58. Kg5 Ke5 59. Re7+
Kd4 60. Kf4 Bc6 61. Rc7 Kc5 62. Ke5 Kb6 63. Rc8 Kc5 64. Rd8 Bb5 65. Rd6 Bc6 66.
Rd8 Bb5 67. Rd5+ Kc6 68. Rd2 Kc5 69. Rc2+ Bc4 70. Rc1 Kb4 71. Kd4 Bb3 72. Rb1
Ka3 73. Kc3 1-0

[Event "Titled Tue 3rd Jun Early"]
[Site "chess.com INT"]
[Date "2025.06.03"]
[Round "1"]
[White "Philipp, Mathias"]
[Black "Barp, Alberto"]
[Result "0-1"]
[WhiteTitle "CM"]
[BlackTitle "IM"]
[WhiteElo "2159"]
[BlackElo "2414"]
[WhiteFideId "12958883"]
[BlackFideId "872555"]
[EventDate "2025.06.03"]

1. e4 c5 2. Nf3 Nc6 3. d4 cxd4 4. Nxd4 Nf6 5. Nc3 e6 6. Bf4 Qa5 7. Nb3 Qd8 8.
Nd4 a6 9. Nxc6 bxc6 10. e5 Nd5 11. Nxd5 cxd5 12. Bd3 Rb8 13. O-O Rxb2 14. Qe2
Qb6 15. Bd2 Bb4 16. Bxb4 Rxb4 17. a3 Rb2 18. Qh5 h6 19. Kh1 d6 20. f4 O-O 21.
Rae1 a5 22. f5 exf5 23. Bxf5 Bxf5 24. Qxf5 dxe5 25. Rxe5 d4 26. Rxa5 Rxc2 27.
Rb5 Qc6 28. Rd5 Qc4 29. h3 Rc3 30. Rd1 Rxa3 31. R5xd4 Qc7 32. Rd7 Qc4 33. Rf1
Ra6 34. Re1 Rf6 35. Qe4 Qb5 36. Rd5 Qb8 37. Qd3 Qf4 38. Rd1 Re6 39. Rd8 Rxd8 40.
Qxd8+ Kh7 41. Qd3+ f5 42. Rf1 Qe4 43. Qf3 Rg6 44. Qxe4 fxe4 45. Re1 Re6 46. Kg1
Kg6 47. Kf2 Kf5 48. Ke3 Ra6 49. Rf1+ Ke5 50. Rf7 Ra3+ 51. Kf2 g5 52. Re7+ Kf5
53. Rf7+ Kg6 54. Re7 Ra4 55. Re8 Kf7 56. Re5 Kf6 57. Re8 h5 58. Ke3 Ra3+ 59. Kf2
Kf5 60. Rf8+ Ke5 61. Re8+ Kd4 62. Rd8+ Kc5 63. Rc8+ Kd6 64. Re8 Kd5 65. Rd8+ Ke5
66. Re8+ Kf5 67. Rf8+ Kg6 68. Re8 Ra2+ 69. Kg3 h4+ 70. Kh2 Kf5 71. Kg1 Rb2 72.
Kf1 Kf4 73. Kg1 Ke3 74. Kf1 Rb1# 0-1